[Event "Montreal Mercredi 03"]
[Site "Montreal CAN"]
[Date "2017.03.29"]
[Round "1"]
[White "Lessard, Sylvain"]
[Black "Ostaci, Liviu"]
[Result "0-1"]
[WhiteElo "1722"]
[BlackElo "1691"]
[WhiteFideId "-1"]
[WhiteFideId "-1"]
[PlyCount "100"]
[GameId "2160767908477948"]
[EventDate "2017.03.29"]
[EventType "swiss"]
[EventRounds "5"]
[EventCountry "CAN"]
[SourceTitle "EXT 2022"]
[Source "ChessBase"]
[SourceDate "2021.10.06"]
[SourceVersion "1"]
[SourceVersionDate "2021.10.06"]
[SourceQuality "1"]

1. c4 g6 2. Nc3 Bg7 3. g3 Nf6 4. Bg2 O-O 5. Rb1 c6 6. b4 d5 7. cxd5 cxd5 8. e3 e5 9. Nge2 Be6 10. d4 e4 11. O-O Bf5 12. Qb3 Qd7 13. Nf4 Rd8 14. Re1 g5 15. Nfe2 Bg4 16. b5 Bf3 17. Ba3 h5 18. Na4 Qg4 19. h3 Qf5 20. Rbc1 Nbd7 21. Nc5 Nxc5 22. dxc5 Bxe2 23. Rxe2 d4 24. exd4 Rxd4 25. c6 bxc6 26. bxc6 Rd3 27. Qb7 Rc8 28. Bb2 e3 29. fxe3 Qe6 30. Bd4 a5 31. Rf2 Ne8 32. Bxg7 Kxg7 33. Rcf1 Nd6 34. Qb2+ Kg8 35. Kh2 Nc4 36. Qa1 h4 37. Rxf7 hxg3+ 38. Kh1 Ne5 39. R7f6 Qe7 40. Qb1 Rcd8 41. Qe1 Rd1 42. Qxg3 Qxf6 43. Kh2 Rxf1 44. Bxf1 Rd2+ 45. Kg1 Rd1 46. Qf2 Qxf2+ 47. Kxf2 Nxc6 48. Bc4+ Kg7 49. Bb3 Rd2+ 50. Kg3 Kf6 0-1

[Event "Montreal Mercredi 03"]
[Site "Montreal CAN"]
[Date "2017.03.29"]
[Round "1"]
[White "Lopez Linares, Lizandro"]
[Black "Tremblay, Alain"]
[Result "1/2-1/2"]
[WhiteElo "2192"]
[BlackElo "2225"]
[WhiteFideId "-1"]
[WhiteFideId "-1"]
[PlyCount "101"]
[GameId "2160767908477949"]
[EventDate "2017.03.29"]
[EventType "swiss"]
[EventRounds "5"]
[EventCountry "CAN"]
[SourceTitle "EXT 2022"]
[Source "ChessBase"]
[SourceDate "2021.10.06"]
[SourceVersion "1"]
[SourceVersionDate "2021.10.06"]
[SourceQuality "1"]

1. d4 Nf6 2. c4 e6 3. Nf3 c5 4. d5 exd5 5. cxd5 d6 6. Nc3 g6 7. g3 Bg7 8. Bg2 O-O 9. O-O Re8 10. Nd2 Nbd7 11. h3 a6 12. a4 Nh5 13. Kh2 Rb8 14. Nc4 Ne5 15. Na3 f5 16. f4 Nd7 17. Qd3 Ndf6 18. Nc4 b5 19. axb5 axb5 20. Nxb5 Rxb5 21. Nxd6 Qxd6 22. Qxb5 Bd7 23. Qc4 Qb6 24. Re1 Bb5 25. Qc2 c4 26. e3 Ne4 27. g4 Nhf6 28. gxf5 gxf5 29. Rd1 Rd8 30. Bd2 Re8 31. Bc1 h5 32. Bf3 h4 33. d6 Nxd6 34. Ra8 Rxa8 35. Bxa8 Nde4 36. Qg2 Ng3 37. Bd5+ Kh7 38. Ba8 Qc7 39. Qf3 c3 40. bxc3 Qxc3 41. Rg1 Qc2+ 42. Qg2 Qc8 43. Bf3 Bd3 44. Bb2 Qc4 45. Qf2 Qb5 46. Bd4 Qb3 47. Bd1 Qc4 48. Qb2 Qc6 49. Rg2 Bf1 50. Rg1 Bd3 51. Rg2 1/2-1/2

[Event "Montreal Mercredi 03"]
[Site "Montreal CAN"]
[Date "2017.03.29"]
[Round "1"]
[White "Moisan-Plante, Marc-Olivier"]
[Black "Saha, Ananda"]
[Result "1-0"]
[WhiteElo "2106"]
[BlackElo "2098"]
[WhiteFideId "-1"]
[WhiteFideId "-1"]
[PlyCount "121"]
[GameId "2160767908477950"]
[EventDate "2017.03.29"]
[EventType "swiss"]
[EventRounds "5"]
[EventCountry "CAN"]
[SourceTitle "EXT 2022"]
[Source "ChessBase"]
[SourceDate "2021.10.06"]
[SourceVersion "1"]
[SourceVersionDate "2021.10.06"]
[SourceQuality "1"]

1. e4 c5 2. Nc3 e6 3. f4 d5 4. Nf3 d4 5. Bb5+ Bd7 6. Bxd7+ Nxd7 7. Ne2 Bd6 8. d3 Ne7 9. O-O e5 10. Qe1 Qc7 11. Qg3 O-O-O 12. Qxg7 exf4 13. e5 Nxe5 14. Nxe5 Bxe5 15. Qxf7 f3 16. Rxf3 Bxh2+ 17. Kh1 Bd6 18. Bh6 Ng6 19. Bg7 Rhe8 20. Qxc7+ Bxc7 21. Ng1 Rd5 22. Raf1 Rh5+ 23. Rh3 Rxh3+ 24. gxh3 Nf4 25. Bh6 Nh5 26. Rf8 Rxf8 27. Bxf8 b6 28. Kg2 Nf4+ 29. Kf3 Nd5 30. Ke4 Nb4 31. c3 dxc3 32. bxc3 Nxa2 33. Ne2 Bd8 34. Kd5 Bg5 35. Ke6 a5 36. d4 cxd4 37. cxd4 b5 38. d5 b4 39. d6 b3 40. Be7 b2 41. d7+ Kb7 42. d8=Q b1=Q 43. Qd5+ Kb8 44. Bd6+ Ka7 45. Qxa5+ Kb7 46. Qc7+ Ka6 47. Qc8+ Qb7 48. Qc4+ Qb5 49. Qxa2+ Kb6 50. Nd4 Qe8+ 51. Kd5 Qf7+ 52. Ne6 Qf5+ 53. Be5 Qf3+ 54. Kc4 Qc6+ 55. Kd4 Qd7+ 56. Ke4 Qc6+ 57. Kf5 Be7 58. Bd4+ Kb5 59. Qb3+ Bb4 60. Bc5 Ka6 61. Qc4+ 1-0

[Event "Montreal Mercredi 03"]
[Site "Montreal CAN"]
[Date "2017.03.29"]
[Round "1"]
[White "O'Neill, Brendon"]
[Black "O'Connor, Michael"]
[Result "0-1"]
[WhiteElo "1752"]
[BlackElo "1713"]
[WhiteFideId "-1"]
[WhiteFideId "-1"]
[PlyCount "86"]
[GameId "2160767908477951"]
[EventDate "2017.03.29"]
[EventType "swiss"]
[EventRounds "5"]
[EventCountry "CAN"]
[SourceTitle "EXT 2022"]
[Source "ChessBase"]
[SourceDate "2021.10.06"]
[SourceVersion "1"]
[SourceVersionDate "2021.10.06"]
[SourceQuality "1"]

1. e4 c5 2. Nf3 Nc6 3. d4 cxd4 4. Nxd4 Nf6 5. Nc3 e5 6. Ndb5 d6 7. Bg5 a6 8. Na3 b5 9. Nd5 Be7 10. Bxf6 Bxf6 11. c3 Bg5 12. Nc2 Be6 13. Nce3 O-O 14. Bd3 Ne7 15. h4 Bxe3 16. Nxe3 f5 17. exf5 Nxf5 18. g4 Nxe3 19. fxe3 Qf6 20. Qe2 d5 21. g5 Qf3 22. Kd2 e4 23. Qxf3 Rxf3 24. Be2 Rf2 25. Rhf1 Rh2 26. Rf4 Bh3 27. a4 Rf8 28. Rxf8+ Kxf8 29. axb5 Bg4 30. Re1 axb5 31. h5 Bxh5 32. Kd1 Bxe2+ 33. Rxe2 Rxe2 34. Kxe2 Kf7 35. Kf2 Kg6 36. Kg2 Kxg5 37. Kg3 h5 38. b3 g6 39. b4 h4+ 40. Kh3 Kh5 41. Kh2 Kg4 42. Kg2 h3+ 43. Kh2 Kf3 0-1

[Event "Montreal Mercredi 03"]
[Site "Montreal CAN"]
[Date "2017.03.29"]
[Round "1"]
[White "Soudre, Nicolas"]
[Black "Jacquet, Stephane"]
[Result "1-0"]
[WhiteElo "2148"]
[BlackElo "2065"]
[WhiteFideId "-1"]
[WhiteFideId "-1"]
[PlyCount "31"]
[GameId "2160767908477953"]
[EventDate "2017.03.29"]
[EventType "swiss"]
[EventRounds "5"]
[EventCountry "CAN"]
[SourceTitle "EXT 2022"]
[Source "ChessBase"]
[SourceDate "2021.10.06"]
[SourceVersion "1"]
[SourceVersionDate "2021.10.06"]
[SourceQuality "1"]

1. e4 d6 2. f4 Nf6 3. Nc3 g6 4. Nf3 Bg7 5. d3 O-O 6. g3 c6 7. Bg2 d5 8. e5 Ng4 9. h3 d4 10. Ne4 f5 11. hxg4 fxe4 12. Ng5 e3 13. c3 Bxe5 14. Qb3+ e6 15. Nxe6 Qf6 16. Ng5+ 1-0

[Event "Montreal Mercredi 03"]
[Site "Montreal CAN"]
[Date "2017.03.29"]
[Round "1"]
[White "Zheng, Richard"]
[Black "Jean, Robert"]
[Result "1/2-1/2"]
[WhiteElo "1870"]
[BlackElo "1815"]
[WhiteFideId "-1"]
[WhiteFideId "-1"]
[PlyCount "86"]
[GameId "2160767908477954"]
[EventDate "2017.03.29"]
[EventType "swiss"]
[EventRounds "5"]
[EventCountry "CAN"]
[SourceTitle "EXT 2022"]
[Source "ChessBase"]
[SourceDate "2021.10.06"]
[SourceVersion "1"]
[SourceVersionDate "2021.10.06"]
[SourceQuality "1"]

1. d4 Nf6 2. c4 e6 3. Nc3 Bb4 4. Nf3 c5 5. a3 Bxc3+ 6. bxc3 O-O 7. e3 d6 8. Bd3 Nc6 9. O-O e5 10. Qc2 h6 11. h3 Qc7 12. Bb2 b6 13. Nd2 Bb7 14. Ne4 Nd7 15. Ng3 Ne7 16. f4 Rae8 17. f5 Nf6 18. d5 Kh8 19. e4 Neg8 20. Bc1 Rb8 21. Be3 Qe7 22. Be2 Ba6 23. Qa4 Bc8 24. Bf2 a5 25. Qc2 Bd7 26. a4 Qe8 27. Nh5 Nxh5 28. Bxh5 g6 29. Bf3 Kh7 30. g4 g5 31. Bd1 f6 32. Kg2 Kg7 33. Rh1 Ne7 34. Qb3 Rh8 35. h4 Nc8 36. hxg5 hxg5 37. Rxh8 Qxh8 38. Bc2 Be8 39. Rh1 Qg8 40. Qb1 Rb7 41. Qg1 Kf8 42. Qh2 Rg7 43. Qh6 Ke7 1/2-1/2

[Event "Montreal Mercredi 03"]
[Site "Montreal CAN"]
[Date "2017.04.05"]
[Round "2"]
[White "Baran, Marius"]
[Black "Jean, Robert"]
[Result "1-0"]
[WhiteElo "1776"]
[BlackElo "1815"]
[WhiteFideId "-1"]
[WhiteFideId "-1"]
[PlyCount "107"]
[GameId "2160767908477955"]
[EventDate "2017.03.29"]
[EventType "swiss"]
[EventRounds "5"]
[EventCountry "CAN"]
[SourceTitle "EXT 2022"]
[Source "ChessBase"]
[SourceDate "2021.10.06"]
[SourceVersion "1"]
[SourceVersionDate "2021.10.06"]
[SourceQuality "1"]

1. e4 c5 2. Nf3 Nc6 3. d4 cxd4 4. Nxd4 Nf6 5. Nc3 d6 6. f3 e5 7. Nb3 Be6 8. Be3 Be7 9. Qd2 O-O 10. O-O-O a6 11. g4 b5 12. g5 Nh5 13. Ne2 a5 14. Kb1 a4 15. Nbc1 b4 16. Ng3 Nf4 17. Bxf4 exf4 18. Qxf4 Ne5 19. h4 b3 20. cxb3 a3 21. Nf5 axb2 22. Nxe7+ Qxe7 23. Kxb2 Rfc8 24. Qe3 Qc7 25. Rh2 Qa5 26. Rc2 Rcb8 27. Qc3 Qa3+ 28. Kb1 Rc8 29. Qb2 Rxc2 30. Qxa3 Rxa3 31. Kxc2 Nxf3 32. Rxd6 g6 33. Bb5 Ra7 34. a4 Nxh4 35. Rd3 Ng2 36. Kd2 Nf4 37. Rg3 Kg7 38. Ne2 Nxe2 39. Kxe2 h5 40. gxh6+ Kxh6 41. Rc3 g5 42. b4 g4 43. a5 Kg5 44. Bc6 Kf4 45. Kf2 f5 46. exf5 Kxf5 47. Ra3 Ke5 48. b5 Kd6 49. Bg2 Kc5 50. b6 Rf7+ 51. Kg3 Bc8 52. Rc3+ Kb5 53. Rxc8 Kxa5 54. b7 1-0

[Event "Montreal Mercredi 03"]
[Site "Montreal CAN"]
[Date "2017.04.05"]
[Round "2"]
[White "Cardin, Guillaume"]
[Black "Have, Didier"]
[Result "1-0"]
[WhiteElo "2040"]
[BlackElo "1967"]
[WhiteFideId "-1"]
[WhiteFideId "-1"]
[PlyCount "119"]
[GameId "2160767908477957"]
[EventDate "2017.03.29"]
[EventType "swiss"]
[EventRounds "5"]
[EventCountry "CAN"]
[SourceTitle "EXT 2022"]
[Source "ChessBase"]
[SourceDate "2021.10.06"]
[SourceVersion "1"]
[SourceVersionDate "2021.10.06"]
[SourceQuality "1"]

1. d4 Nf6 2. c4 g6 3. Nc3 Bg7 4. e4 d6 5. Bd3 Nc6 6. Nge2 e5 7. d5 Nd4 8. Nxd4 exd4 9. Ne2 O-O 10. O-O Re8 11. f3 c5 12. Bg5 Qb6 13. Qd2 a5 14. a3 Qa6 15. Ng3 Nd7 16. f4 h6 17. Bh4 a4 18. Rae1 Nb6 19. Qc1 Bd7 20. e5 Nxd5 21. Bxg6 Ne3 22. Bb1 Qxc4 23. Qxc4 Nxc4 24. exd6 Nxb2 25. Ne4 Rac8 26. Rc1 c4 27. Nf6+ Bxf6 28. Bxf6 Nd3 29. Bxd3 cxd3 30. Rxc8 Rxc8 31. Bxd4 Rc6 32. Rd1 Bf5 33. Be5 Kf8 34. g4 Be4 35. Kf2 f6 36. Bxf6 Rxd6 37. Be5 Rc6 38. Ke3 Rc4 39. Bd4 Bh7 40. f5 Rc2 41. Be5 Re2+ 42. Kd4 h5 43. Bd6+ Kf7 44. Kxd3 Rg2 45. Rb1 Rxg4 46. Rxb7+ Kg8 47. Rb5 Rg5 48. Ke4 Kf7 49. h4 Rg4+ 50. Ke5 Bg8 51. Rb7+ Ke8 52. Rb8+ Kd7 53. f6 Rg2 54. Rxg8 Re2+ 55. Kf5 Kxd6 56. Rd8+ Kc7 57. Rd4 Re8 58. f7 Rb8 59. Kg6 Rb6+ 60. Kg7 1-0

[Event "Montreal Mercredi 03"]
[Site "Montreal CAN"]
[Date "2017.04.05"]
[Round "2"]
[White "Cloutier, Mathieu"]
[Black "Soudre, Nicolas"]
[Result "0-1"]
[WhiteElo "2178"]
[BlackElo "2148"]
[WhiteFideId "-1"]
[WhiteFideId "-1"]
[PlyCount "88"]
[GameId "2160767908477958"]
[EventDate "2017.03.29"]
[EventType "swiss"]
[EventRounds "5"]
[EventCountry "CAN"]
[SourceTitle "EXT 2022"]
[Source "ChessBase"]
[SourceDate "2021.10.06"]
[SourceVersion "1"]
[SourceVersionDate "2021.10.06"]
[SourceQuality "1"]

1. e4 e6 2. d4 d5 3. Nc3 Nf6 4. Bg5 Be7 5. e5 Nfd7 6. h4 c5 7. Bxe7 Kxe7 8. Qg4 Kf8 9. Nf3 Nc6 10. dxc5 Ndxe5 11. Nxe5 Nxe5 12. Qg3 f6 13. O-O-O Qc7 14. Qe3 Bd7 15. Be2 a6 16. f4 Nc6 17. Qf2 Ne7 18. g4 Rc8 19. g5 f5 20. Bd3 Qxc5 21. Qxc5 Rxc5 22. Ne2 Nc6 23. a3 a5 24. Nc3 Ne7 25. Ne2 Kf7 26. h5 Rhc8 27. Nd4 b5 28. Nb3 R5c7 29. Nxa5 b4 30. Nb3 Ba4 31. Nd4 Nc6 32. Nxc6 Rxc6 33. axb4 Bxc2 34. Bxc2 Rxc2+ 35. Kb1 R2c4 36. Rc1 Rb8 37. Rxc4 dxc4 38. Rc1 Rxb4 39. Rc3 Ke7 40. Ka2 Kd6 41. Ka3 Kc5 42. Re3 Rb6 43. Re5+ Kd4 44. Ra5 g6 0-1

[Event "Montreal Mercredi 03"]
[Site "Montreal CAN"]
[Date "2017.04.05"]
[Round "2"]
[White "Gates, Claude-Eric"]
[Black "Zheng, Richard"]
[Result "0-1"]
[WhiteElo "1803"]
[BlackElo "1870"]
[WhiteFideId "-1"]
[WhiteFideId "-1"]
[PlyCount "34"]
[GameId "2160767908477959"]
[EventDate "2017.03.29"]
[EventType "swiss"]
[EventRounds "5"]
[EventCountry "CAN"]
[SourceTitle "EXT 2022"]
[Source "ChessBase"]
[SourceDate "2021.10.06"]
[SourceVersion "1"]
[SourceVersionDate "2021.10.06"]
[SourceQuality "1"]

1. e4 e5 2. Nf3 Nc6 3. c3 d5 4. Qa4 f6 5. Bb5 Nge7 6. exd5 Qxd5 7. O-O Be6 8. c4 Qd6 9. Nc3 O-O-O 10. Bxc6 Nxc6 11. Nb5 Qc5 12. d4 exd4 13. Bf4 Bxc4 14. Nxa7+ Qxa7 15. Qxc4 Bd6 16. Bd2 Ne5 17. Nxd4 Nxc4 0-1

[Event "Montreal Mercredi 03"]
[Site "Montreal CAN"]
[Date "2017.04.05"]
[Round "2"]
[White "Gauthier, Luc"]
[Black "O'Neill, Brendon"]
[Result "1-0"]
[WhiteElo "1702"]
[BlackElo "1752"]
[WhiteFideId "-1"]
[WhiteFideId "-1"]
[PlyCount "71"]
[GameId "2160767908477960"]
[EventDate "2017.03.29"]
[EventType "swiss"]
[EventRounds "5"]
[EventCountry "CAN"]
[SourceTitle "EXT 2022"]
[Source "ChessBase"]
[SourceDate "2021.10.06"]
[SourceVersion "1"]
[SourceVersionDate "2021.10.06"]
[SourceQuality "1"]

1. e4 c5 2. Nc3 d6 3. f4 a6 4. Nf3 Bg4 5. g3 Nc6 6. Bg2 Nf6 7. d3 e6 8. h3 Bxf3 9. Qxf3 Qc7 10. Be3 Be7 11. O-O Rc8 12. Qf2 b5 13. g4 b4 14. Ne2 O-O 15. Ng3 Nd4 16. c3 bxc3 17. bxc3 Nb5 18. g5 Nd7 19. f5 Nxc3 20. f6 gxf6 21. gxf6 Nxf6 22. Bh6 Kh8 23. Bxf8 Rxf8 24. Qd2 Nb5 25. Qh6 d5 26. Nh5 Nxh5 27. Qxh5 Qg3 28. Rf3 Qg7 29. Raf1 f6 30. Kh1 Nd4 31. Rf4 Ne2 32. Qxe2 Bd6 33. Rg4 Qf7 34. exd5 e5 35. Be4 Qh5 36. Rg8+ 1-0

[Event "Montreal Mercredi 03"]
[Site "Montreal CAN"]
[Date "2017.04.05"]
[Round "2"]
[White "Huang, Qiuyu"]
[Black "Lopez Linares, Lizandro"]
[Result "1-0"]
[WhiteElo "2225"]
[BlackElo "2192"]
[WhiteFideId "-1"]
[WhiteFideId "-1"]
[PlyCount "45"]
[GameId "2160767908477961"]
[EventDate "2017.03.29"]
[EventType "swiss"]
[EventRounds "5"]
[EventCountry "CAN"]
[SourceTitle "EXT 2022"]
[Source "ChessBase"]
[SourceDate "2021.10.06"]
[SourceVersion "1"]
[SourceVersionDate "2021.10.06"]
[SourceQuality "1"]

1. e4 d5 2. exd5 Qxd5 3. Nc3 Qa5 4. d4 c6 5. Bc4 Nf6 6. Bd2 Bf5 7. Nf3 e6 8. Nd5 Qd8 9. Nxf6+ Qxf6 10. Qe2 Bg4 11. d5 cxd5 12. Bxd5 Nc6 13. Bc3 Qf4 14. g3 Qc7 15. h3 Bxf3 16. Bxf3 O-O-O 17. Qe3 Bb4 18. Bxb4 Nxb4 19. O-O Nxc2 20. Qxa7 Nxa1 21. Bxb7+ Kd7 22. Bc6+ Kc8 23. Qa6+ 1-0

[Event "Montreal Mercredi 03"]
[Site "Montreal CAN"]
[Date "2017.04.05"]
[Round "2"]
[White "Lessard, Sylvain"]
[Black "Khudaverdian, Berj"]
[Result "1-0"]
[WhiteElo "1722"]
[BlackElo "1745"]
[WhiteFideId "-1"]
[WhiteFideId "-1"]
[PlyCount "73"]
[GameId "2160767908477962"]
[EventDate "2017.03.29"]
[EventType "swiss"]
[EventRounds "5"]
[EventCountry "CAN"]
[SourceTitle "EXT 2022"]
[Source "ChessBase"]
[SourceDate "2021.10.06"]
[SourceVersion "1"]
[SourceVersionDate "2021.10.06"]
[SourceQuality "1"]

1. c4 g6 2. Nc3 Bg7 3. g3 c6 4. Bg2 d6 5. e4 Be6 6. d3 Nd7 7. Nge2 Ne5 8. O-O Ng4 9. h3 N4f6 10. Be3 h5 11. Nf4 Bd7 12. d4 e5 13. dxe5 dxe5 14. Nd3 Qc7 15. Rc1 O-O-O 16. Nb5 cxb5 17. cxb5 Bc6 18. bxc6 bxc6 19. Qa4 Ne7 20. Nc5 Rd6 21. Qa6+ Kb8 22. Rc3 Ka8 23. Ra3 Nd7 24. Rc1 Nb8 25. Qc4 Nc8 26. Na4 Nd7 27. Qxf7 Bf8 28. Qc4 Rd4 29. Bxd4 Bxa3 30. bxa3 exd4 31. e5 Nxe5 32. Qxd4 Qd6 33. Qc3 Re8 34. f4 Nd3 35. Bxc6+ Kb8 36. Rb1+ Nb6 37. Bxe8 1-0

[Event "Montreal Mercredi 03"]
[Site "Montreal CAN"]
[Date "2017.04.05"]
[Round "2"]
[White "Ostaci, Liviu"]
[Black "O'Connor, Michael"]
[Result "1/2-1/2"]
[WhiteElo "1691"]
[BlackElo "1713"]
[WhiteFideId "-1"]
[WhiteFideId "-1"]
[PlyCount "62"]
[GameId "2160767908477963"]
[EventDate "2017.03.29"]
[EventType "swiss"]
[EventRounds "5"]
[EventCountry "CAN"]
[SourceTitle "EXT 2022"]
[Source "ChessBase"]
[SourceDate "2021.10.06"]
[SourceVersion "1"]
[SourceVersionDate "2021.10.06"]
[SourceQuality "1"]

1. Nf3 e6 2. e4 d5 3. e5 c5 4. d4 Nc6 5. Bd3 Qb6 6. O-O Bd7 7. dxc5 Bxc5 8. Nc3 Nd4 9. a4 a6 10. Nxd4 Bxd4 11. Qe2 Rc8 12. Kh1 Ne7 13. Nd1 Qc7 14. f4 O-O 15. Qh5 g6 16. Qg5 f6 17. Qh4 Nf5 18. Bxf5 exf5 19. c3 Bc5 20. exf6 Qd8 21. Ne3 d4 22. Nd5 Rf7 23. Re1 dxc3 24. bxc3 b5 25. a5 Bc6 26. Ne7+ Bxe7 27. fxe7 Qd5 28. Qg3 b4 29. cxb4 Re8 30. Bb2 Rfxe7 31. Red1 Qe4 1/2-1/2

[Event "Montreal Mercredi 03"]
[Site "Montreal CAN"]
[Date "2017.04.05"]
[Round "2"]
[White "Ouellet, Maili-Jade"]
[Black "Tremblay, Alain"]
[Result "1/2-1/2"]
[WhiteElo "2229"]
[BlackElo "2225"]
[WhiteFideId "-1"]
[WhiteFideId "-1"]
[PlyCount "34"]
[GameId "2160767908477964"]
[EventDate "2017.03.29"]
[EventType "swiss"]
[EventRounds "5"]
[EventCountry "CAN"]
[SourceTitle "EXT 2022"]
[Source "ChessBase"]
[SourceDate "2021.10.06"]
[SourceVersion "1"]
[SourceVersionDate "2021.10.06"]
[SourceQuality "1"]

1. d4 e6 2. c4 Nf6 3. Nc3 d5 4. cxd5 exd5 5. Bg5 Be7 6. e3 c6 7. Bd3 Nbd7 8. Qc2 Nh5 9. Bxe7 Qxe7 10. Nge2 g6 11. h3 O-O 12. g4 Ng7 13. Ng3 Nb6 14. O-O-O Be6 15. f4 f5 16. Qe2 Rac8 17. Rde1 c5 1/2-1/2

[Event "Montreal Mercredi 03"]
[Site "Montreal CAN"]
[Date "2017.04.12"]
[Round "3"]
[White "Jean, Robert"]
[Black "Gates, Claude-Eric"]
[Result "1/2-1/2"]
[WhiteElo "1815"]
[BlackElo "1803"]
[WhiteFideId "-1"]
[WhiteFideId "-1"]
[PlyCount "103"]
[GameId "2160767908477965"]
[EventDate "2017.03.29"]
[EventType "swiss"]
[EventRounds "5"]
[EventCountry "CAN"]
[SourceTitle "EXT 2022"]
[Source "ChessBase"]
[SourceDate "2021.10.06"]
[SourceVersion "1"]
[SourceVersionDate "2021.10.06"]
[SourceQuality "1"]

1. d4 Nf6 2. c4 e5 3. d5 Bc5 4. e3 d6 5. Be2 Bf5 6. Nc3 Nbd7 7. g4 Bg6 8. h4 h6 9. f3 Bb4 10. Qb3 a5 11. e4 Nc5 12. Qd1 Ncxe4 13. fxe4 Nxe4 14. Bd2 Qf6 15. Bf3 Nc5 16. Be2 O-O 17. Be3 Ne4 18. Qc1 Rfe8 19. Nf3 Ng3 20. Rh2 Be4 21. g5 Qf5 22. Rf2 Nxe2 23. Kxe2 Bd3+ 24. Ke1 Bxc4 25. gxh6 Qh3 26. Kd2 Bxd5 27. Qg1 g6 28. Qg5 Qe6 29. h7+ Kh8 30. Qh6 Bxf3 31. Rxf3 d5 32. Bg5 Bf8 33. Bf6+ Qxf6 34. Qxf8+ Rxf8 35. Rxf6 Rad8 36. Raf1 Rd7 37. Ke2 Kxh7 38. Kf3 Kg7 39. Kg4 Re8 40. h5 gxh5+ 41. Kxh5 e4 42. Ne2 d4 43. Nxd4 Rd5+ 44. Kg4 Rxd4 45. Rxf7+ Kg8 46. Rxc7 e3+ 47. Kf3 e2 48. Rg1+ Kf8 49. Re1 Re7 50. Rxe7 Kxe7 51. Rxe2+ Kd6 52. Rc2 1/2-1/2

[Event "Montreal Mercredi 03"]
[Site "Montreal CAN"]
[Date "2017.04.12"]
[Round "3"]
[White "Khudaverdian, Berj"]
[Black "Ostaci, Liviu"]
[Result "1-0"]
[WhiteElo "1745"]
[BlackElo "1691"]
[WhiteFideId "-1"]
[WhiteFideId "-1"]
[PlyCount "69"]
[GameId "2160767908477966"]
[EventDate "2017.03.29"]
[EventType "swiss"]
[EventRounds "5"]
[EventCountry "CAN"]
[SourceTitle "EXT 2022"]
[Source "ChessBase"]
[SourceDate "2021.10.06"]
[SourceVersion "1"]
[SourceVersionDate "2021.10.06"]
[SourceQuality "1"]

1. Nf3 d5 2. b3 c5 3. e3 Nc6 4. Bb2 Nf6 5. Bb5 a6 6. Bxc6+ bxc6 7. Ne5 Bb7 8. O-O e6 9. d4 cxd4 10. exd4 Bd6 11. Nd2 O-O 12. Rc1 Ne8 13. c4 f6 14. cxd5 fxe5 15. dxc6 Bc8 16. dxe5 Bc7 17. Qe2 Qh4 18. Rc4 Qh6 19. Bc1 Qg6 20. f4 a5 21. Rc3 a4 22. b4 Qf7 23. b5 Bb6+ 24. Kh1 Qc7 25. Nc4 Ba7 26. Ba3 g6 27. Bxf8 Kxf8 28. Rd1 Ng7 29. Rcd3 Ke8 30. Rd8+ Qxd8 31. Rxd8+ Kxd8 32. b6 Bxb6 33. Nxb6 Rb8 34. Qd2+ Kc7 35. Qd6+ 1-0

[Event "Montreal Mercredi 03"]
[Site "Montreal CAN"]
[Date "2017.04.12"]
[Round "3"]
[White "Lopez Linares, Lizandro"]
[Black "Beaulieu, Eric"]
[Result "1-0"]
[WhiteElo "2192"]
[BlackElo "2304"]
[WhiteFideId "-1"]
[WhiteFideId "-1"]
[PlyCount "81"]
[GameId "2160767908477967"]
[EventDate "2017.03.29"]
[EventType "swiss"]
[EventRounds "5"]
[EventCountry "CAN"]
[SourceTitle "EXT 2022"]
[Source "ChessBase"]
[SourceDate "2021.10.06"]
[SourceVersion "1"]
[SourceVersionDate "2021.10.06"]
[SourceQuality "1"]

1. d4 Nf6 2. Nf3 e6 3. c4 d5 4. Nc3 Be7 5. Bg5 O-O 6. e3 Ne4 7. Bxe7 Qxe7 8. Rc1 Nxc3 9. Rxc3 c6 10. Bd3 dxc4 11. Bxc4 Nd7 12. O-O b6 13. Bd3 c5 14. Qc2 h6 15. Be4 Rb8 16. Bc6 Bb7 17. Bxb7 Rxb7 18. dxc5 bxc5 19. Rc1 Rfb8 20. b3 a5 21. Qe4 Rb4 22. Qc6 R4b6 23. Qa4 Ra8 24. h3 Raa6 25. Rd3 Rd6 26. Rcd1 Rxd3 27. Rxd3 Nf6 28. Ne5 g6 29. Qh4 Nd5 30. Qxh6 Qf8 31. Qh4 Qe7 32. Qc4 Rb6 33. f4 Rb4 34. Nc6 Qh4 35. Nxb4 Qe1+ 36. Kh2 cxb4 37. Qd4 Kh7 38. Qa7 Kg7 39. Qxa5 Qe2 40. Qb5 Qxa2 41. e4 1-0

[Event "Montreal Mercredi 03"]
[Site "Montreal CAN"]
[Date "2017.04.12"]
[Round "3"]
[White "Moisan-Plante, Marc-Olivier"]
[Black "Cloutier, Mathieu"]
[Result "1-0"]
[WhiteElo "2106"]
[BlackElo "2178"]
[WhiteFideId "-1"]
[WhiteFideId "-1"]
[PlyCount "59"]
[GameId "2160767908477968"]
[EventDate "2017.03.29"]
[EventType "swiss"]
[EventRounds "5"]
[EventCountry "CAN"]
[SourceTitle "EXT 2022"]
[Source "ChessBase"]
[SourceDate "2021.10.06"]
[SourceVersion "1"]
[SourceVersionDate "2021.10.06"]
[SourceQuality "1"]

1. e4 c5 2. Nf3 d6 3. d4 cxd4 4. Nxd4 Nf6 5. Nc3 a6 6. f4 Qc7 7. Qf3 Bg4 8. Qg3 h5 9. e5 h4 10. Qe3 dxe5 11. fxe5 Nfd7 12. e6 Nf6 13. Bd3 g6 14. O-O Bh6 15. exf7+ Kxf7 16. Qe4 Bf5 17. Rxf5 gxf5 18. Qxf5 Qb6 19. Qg6+ Kf8 20. Bxh6+ Rxh6 21. Qxh6+ Ke8 22. Bg6+ Kd7 23. Bf5+ Kc7 24. Rd1 Nc6 25. Qxf6 Rd8 26. Qxh4 Nxd4 27. Qf4+ Kc6 28. Be4+ Kd7 29. Ne2 Ke8 30. Nxd4 1-0

[Event "Montreal Mercredi 03"]
[Site "Montreal CAN"]
[Date "2017.04.12"]
[Round "3"]
[White "O'Connor, Michael"]
[Black "Gauthier, Luc"]
[Result "1/2-1/2"]
[WhiteElo "1713"]
[BlackElo "1702"]
[WhiteFideId "-1"]
[WhiteFideId "-1"]
[PlyCount "76"]
[GameId "2160767908477969"]
[EventDate "2017.03.29"]
[EventType "swiss"]
[EventRounds "5"]
[EventCountry "CAN"]
[SourceTitle "EXT 2022"]
[Source "ChessBase"]
[SourceDate "2021.10.06"]
[SourceVersion "1"]
[SourceVersionDate "2021.10.06"]
[SourceQuality "1"]

1. e4 Nf6 2. e5 Nd5 3. d4 d6 4. c4 Nb6 5. exd6 exd6 6. Nc3 Nc6 7. Be3 Be7 8. Bd3 Bf6 9. Nge2 Bg4 10. O-O Bxe2 11. Nxe2 O-O 12. Qd2 d5 13. b3 Ne7 14. c5 Nd7 15. b4 Re8 16. a4 Nf8 17. b5 c6 18. Rab1 Qd7 19. Qc2 g6 20. Rb3 Ne6 21. Rfb1 Reb8 22. f4 Ng7 23. h3 Ngf5 24. Bf2 Qe6 25. Qd2 h5 26. a5 Nh4 27. a6 Qxh3 28. Bxh4 Qxh4 29. bxc6 b5 30. Bxb5 Rxb5 31. Rxb5 Nxc6 32. Rb7 Re8 33. Rd1 Nxd4 34. Nxd4 Bxd4+ 35. Qxd4 Re1+ 36. Rxe1 Qxe1+ 37. Kh2 Qh4+ 38. Kg1 Qe1+ 1/2-1/2